[Event "106th British-ch 2019"]
[Site "Torquay"]
[Date "2019.08.01"]
[Round "6.21"]
[White "Crickmore, Neil Eg"]
[Black "Krzyzanowski, Patryk"]
[Result "1-0"]
[WhiteElo "2187"]
[BlackElo "2114"]
[Annotator "NA"]
[PlyCount "71"]
[EventDate "2019.07.27"]
[EventType "swiss"]
[EventCountry "GBR"]
[SourceTitle "playchess.com"]
[Source "ChessBase"]
[SourceQuality "1"]
[TimeControl "40/5400+30:1800+30"]

1. d4 {[%emt 0:01:45]} Nf6 {[%emt 0:00:00]} 2. Nf3 {[%emt 0:00:28]} d5 {[%emt 0:03:56]} 3. g3 {[%emt 0:00:12]} g6 {[%emt 0:01:27]} 4. Bg2 {[%emt 0:00:15]} Bg7 {[%emt 0:00:06]} 5. c4 {[%emt 0:00:39]} c6 {[%emt 0:01:16]} 6. cxd5 {[%emt 0:03:39]} Nxd5 {[%emt 0:01:45]} 7. O-O {[%emt 0:04:42]} O-O {[%emt 0:01:35]} 8. h3 {[%emt 0:09:48]} Qb6 {[%emt 0:02:53]} 9. e4 {[%emt 0:04:36]} Nf6 {[%emt 0:01:14]} 10. Nc3 {[%emt 0:00:10]} Rd8 {[%emt 0:00:36]} 11. Qc2 {[%emt 0:02:21]} e5 {[%emt 0:10:56]} 12. dxe5 {[%emt 0:02:19]} Nfd7 {[%emt 0:00:21]} 13. Be3 {[%emt 0:11:24]} Qa5 {[%emt 0:05:55]} 14. Rad1 {[%emt 0:03:29]} Re8 {[%emt 0:07:07]} 15. Bf4 {[%emt 0:13:09]} Na6 {[%emt 0:11:32]} 16. Kh2 {[%emt 0:01:58]} h6 {[%emt 0:02:35]} 17. a3 {[%emt 0:04:32]} g5 {[%emt 0:01:25]} 18. Be3 {[%emt 0:00:13]} Nxe5 {[%emt 0:01:41]} 19. Nxe5 {[%emt 0:01:02]} Qxe5 {[%emt 0:02:58]} 20. f4 {[%emt 0:04:54]} gxf4 {[%emt 0:01:22]} 21. gxf4 {[%emt 0:01:41]} Qh5 {[%emt 0:01:13]} 22. f5 {[%emt 0:00:40]} Be5+ {[%emt 0:01:43]} 23. Bf4 {[%emt 0:03:06]} Qh4 {[%emt 0:02:33]} 24. Bxe5 {[%emt 0:02:49]} Rxe5 {[%emt 0:00:08]} 25. Qd2 {[%emt 0:00:21]} Qf6 {[%emt 0:15:55]} 26. Ne2 {[%emt 0:01:17]} Nc5 {[%emt 0:01:13]} 27. Ng3 {[%emt 0:02:48]} b6 28. Rf4 {[%emt 0:08:04]} Ba6 {[%emt 0:06:48]} 29. Rg4+ {[%emt 0:06:39]} Kh7 {[%emt 0:00:19]} 30. Nh5 {[%emt 0:00:00]} Qh8 {[%emt 0:06:39]} 31. Qd6 {[%emt 0:00:00]} Ne6 {[%emt 0:01:43]} 32. Qe7 {[%emt 0:00:00]} Qf8 {[%emt 0:02:52]} 33. Nf6+ {[%emt 0:00:00]} Kh8 {[%emt 0:01:12]} 34. Rg8+ {[%emt 0:00:00]} Qxg8 {[%emt 0:00:06]} 35. Nxg8 {[%emt 0:00:00]} Kxg8 {[%emt 0:00:42]} 36. Qf6 {[%emt 0:01:30]} 1-0

[Event "106th British-ch 2019"]
[Site "Torquay"]
[Date "2019.08.01"]
[Round "6.22"]
[White "Holland, Chris Kd"]
[Black "Wall, Tim P"]
[Result "1-0"]
[WhiteElo "2143"]
[BlackElo "2246"]
[Annotator "NA"]
[PlyCount "71"]
[EventDate "2019.07.27"]
[EventType "swiss"]
[EventCountry "GBR"]
[SourceTitle "playchess.com"]
[Source "ChessBase"]
[SourceQuality "1"]
[TimeControl "40/5400+30:1800+30"]

1. c4 {[%emt 0:00:00]} f5 {[%emt 0:00:09]} 2. Nc3 {[%emt 0:00:00]} Nf6 {[%emt 0:00:13]} 3. d4 {[%emt 0:00:00]} d6 {[%emt 0:00:11]} 4. e3 {[%emt 0:13:07]} c6 {[%emt 0:03:37]} 5. Nf3 {[%emt 0:15:18]} g6 {[%emt 0:03:56]} 6. b4 {[%emt 0:05:36]} Bg7 {[%emt 0:01:19]} 7. Rb1 {[%emt 0:03:07]} O-O {[%emt 0:07:46]} 8. Qb3 {[%emt 0:00:48]} a5 {[%emt 0:27:32]} 9. c5+ {[%emt 0:21:47]} Kh8 {[%emt 0:01:58]} 10. Na4 {[%emt 0:08:21]} Nd5 {[%emt 0:05:44]} 11. b5 {[%emt 0:05:46]} dxc5 {[%emt 0:12:21]} 12. Nxc5 {[%emt 0:03:14]} b6 {[%emt 0:05:42]} 13. Na4 {[%emt 0:00:07]} Be6 {[%emt 0:03:32]} 14. Bd2 {[%emt 0:10:53]} Qd6 {[%emt 0:11:36]} 15. Qb2 {[%emt 0:01:28]} c5 {[%emt 0:02:33]} 16. Be2 {[%emt 0:00:12]} Nd7 {[%emt 0:00:20]} 17. O-O {[%emt 0:00:15]} N7f6 {[%emt 0:01:02]} 18. dxc5 {[%emt 0:00:52]} bxc5 {[%emt 0:00:21]} 19. Rfd1 {[%emt 0:03:40]} Ne4 {[%emt 0:01:12]} 20. Qc2 {[%emt 0:00:18]} g5 {[%emt 0:01:34]} 21. Bd3 {[%emt 0:01:47]} c4 {[%emt 0:02:12]} 22. Bxe4 {[%emt 0:00:41]} fxe4 {[%emt 0:00:07]} 23. Nxg5 {[%emt 0:00:38]} Bf5 {[%emt 0:01:37]} 24. Bc3 {[%emt 0:01:04]} Nxc3 {[%emt 0:02:56]} 25. Rxd6 {[%emt 0:00:04]} Nxb1 {[%emt 0:00:07]} 26. Rd5 {[%emt 0:01:03]} Na3 {[%emt 0:00:40]} 27. Qc1 {[%emt 0:00:37]} e6 {[%emt 0:00:11]} 28. Rc5 {[%emt 0:00:21]} Rad8 {[%emt 0:00:15]} 29. h4 {[%emt 0:00:46]} Rd3 {[%emt 0:00:20]} 30. b6 {[%emt 0:00:15]} Bg4 {[%emt 0:00:54]} 31. f3 {[%emt 0:00:20]} exf3 {[%emt 0:01:17]} 32. gxf3 {[%emt 0:00:03]} Bf5 {[%emt 0:00:49]} 33. e4 {[%emt 0:00:32]} Bd4+ {[%emt 0:00:10]} 34. Kg2 {[%emt 0:00:13]} Bxc5 {[%emt 0:01:00]} 35. Nxc5 {[%emt 0:00:03]} Bg6 {[%emt 0:01:11]} 36. Nxd3 {[%emt 0:00:10]} 1-0

[Event "106th British-ch 2019"]
[Site "Torquay"]
[Date "2019.08.01"]
[Round "6.23"]
[White "Player, Edmund C"]
[Black "Jones, Steven A"]
[Result "1/2-1/2"]
[WhiteElo "2202"]
[BlackElo "2117"]
[Annotator "NA"]
[PlyCount "88"]
[EventDate "2019.07.27"]
[EventType "swiss"]
[EventCountry "GBR"]
[SourceTitle "playchess.com"]
[Source "ChessBase"]
[SourceQuality "1"]
[TimeControl "40/5400+30:1800+30"]

1. e4 {[%emt 0:00:00]} e5 {[%emt 0:00:00]} 2. Nf3 {[%emt 0:00:00]} Nc6 {[%emt 0:00:11]} 3. Bb5 {[%emt 0:00:06]} a6 {[%emt 0:01:00]} 4. Ba4 {[%emt 0:00:03]} d6 {[%emt 0:00:53]} 5. c3 {[%emt 0:03:40]} f5 {[%emt 0:01:06]} 6. d3 {[%emt 0:07:22]} Be7 {[%emt 0:09:49]} 7. Qe2 {[%emt 0:07:02]} Nf6 {[%emt 0:10:29]} 8. Nbd2 {[%emt 0:03:03]} O-O {[%emt 0:11:09]} 9. h3 {[%emt 0:07:51]} Kh8 {[%emt 0:04:40]} 10. Nf1 {[%emt 0:03:27]} Nh5 {[%emt 0:16:26]} 11. g3 {[%emt 0:11:27]} fxe4 {[%emt 0:03:24]} 12. dxe4 {[%emt 0:00:28]} Qe8 {[%emt 0:00:20]} 13. Be3 {[%emt 0:10:03]} b5 {[%emt 0:12:49]} 14. Bc2 {[%emt 0:02:59]} Rb8 {[%emt 0:00:21]} 15. N1d2 {[%emt 0:04:55]} a5 {[%emt 0:04:00]} 16. Bd3 {[%emt 0:07:18]} b4 {[%emt 0:02:39]} 17. Bb5 {[%emt 0:06:03]} Bd7 {[%emt 0:00:04]} 18. c4 {[%emt 0:03:37]} g6 {[%emt 0:03:29]} 19. Bh6 {[%emt 0:05:33]} Ng7 {[%emt 0:00:02]} 20. Qd3 {[%emt 0:00:34]} Bf6 {[%emt 0:03:02]} 21. Kf1 {[%emt 0:06:21]} Rf7 {[%emt 0:00:53]} 22. Kg2 {[%emt 0:00:55]} Ne6 {[%emt 0:00:02]} 23. Be3 {[%emt 0:00:18]} Bg7 {[%emt 0:03:15]} 24. Raf1 {[%emt 0:03:11]} Qf8 {[%emt 0:00:41]} 25. h4 {[%emt 0:01:54]} h6 {[%emt 0:01:09]} 26. Ng1 {[%emt 0:01:25]} Kh7 {[%emt 0:03:26]} 27. Ne2 {[%emt 0:00:15]} Rd8 {[%emt 0:00:47]} 28. b3 {[%emt 0:00:21]} Nc5 {[%emt 0:00:34]} 29. Qb1 {[%emt 0:02:13]} h5 {[%emt 0:03:30]} 30. Nc1 {[%emt 0:00:51]} Bh6 {[%emt 0:00:29]} 31. Nd3 {[%emt 0:01:36]} Ne6 {[%emt 0:01:19]} 32. Bxh6 {[%emt 0:00:33]} Kxh6 {[%emt 0:00:02]} 33. Ne1 {[%emt 0:00:25]} Ned4 {[%emt 0:00:30]} 34. Ba4 {[%emt 0:00:07]} Kg7 {[%emt 0:00:45]} 35. Qd3 {[%emt 0:00:17]} Nb8 {[%emt 0:00:52]} 36. Bxd7 {[%emt 0:00:21]} Nxd7 {[%emt 0:00:04]} 37. Qe3 {[%emt 0:00:40]} Nf6 {[%emt 0:00:49]} 38. f3 {[%emt 0:00:09]} c5 {[%emt 0:00:08]} 39. Rf2 {[%emt 0:00:44]} Qe7 {[%emt 0:00:22]} 40. Rhf1 {[%emt 0:00:54]} Ra8 {[%emt 0:01:26]} 41. Qd3 {[%emt 0:02:50]} a4 {[%emt 0:03:51]} 42. Nc2 {[%emt 0:01:02]} axb3 {[%emt 0:02:03]} 43. axb3 {[%emt 0:00:35]} Ra2 {[%emt 0:01:38]} 44. Ne3 {[%emt 0:09:30]} Qb7 {[%emt 0:08:05]} 1/2-1/2

[Event "106th British-ch 2019"]
[Site "Torquay"]
[Date "2019.08.01"]
[Round "6.24"]
[White "Longson, Sarah N"]
[Black "Ogunshola, Olugbemiga (Ben)"]
[Result "0-1"]
[WhiteElo "2095"]
[BlackElo "2172"]
[Annotator "NA"]
[PlyCount "64"]
[EventDate "2019.07.27"]
[EventType "swiss"]
[EventCountry "GBR"]
[SourceTitle "playchess.com"]
[Source "ChessBase"]
[SourceQuality "1"]
[TimeControl "40/5400+30:1800+30"]

1. e4 {[%emt 0:00:00]} d6 {[%emt 0:00:37]} 2. d4 {[%emt 0:00:00]} g6 {[%emt 0:00:10]} 3. Nc3 {[%emt 0:00:41]} Bg7 {[%emt 0:00:09]} 4. Be3 {[%emt 0:01:06]} a6 {[%emt 0:07:02]} 5. f3 {[%emt 0:01:45]} Nd7 {[%emt 0:01:37]} 6. Qd2 {[%emt 0:00:45]} b5 {[%emt 0:00:15]} 7. h4 {[%emt 0:01:13]} Ngf6 {[%emt 0:03:51]} 8. O-O-O {[%emt 0:03:25]} Bb7 {[%emt 0:02:20]} 9. g4 {[%emt 0:05:42]} h6 {[%emt 0:05:30]} 10. Bh3 {[%emt 0:11:55]} c6 {[%emt 0:07:30]} 11. g5 {[%emt 0:06:41]} hxg5 {[%emt 0:01:05]} 12. hxg5 {[%emt 0:00:11]} Ng8 {[%emt 0:00:24]} 13. Bxd7+ {[%emt 0:07:37]} Qxd7 {[%emt 0:00:24]} 14. Rxh8 {[%emt 0:00:08]} Bxh8 {[%emt 0:00:02]} 15. Qh2 {[%emt 0:02:03]} Bg7 {[%emt 0:00:04]} 16. Qh7 {[%emt 0:02:16]} Kf8 {[%emt 0:00:05]} 17. Nh3 {[%emt 0:02:28]} d5 {[%emt 0:08:48]} 18. Nf2 {[%emt 0:02:18]} b4 {[%emt 0:11:22]} 19. Na4 {[%emt 0:01:48]} dxe4 {[%emt 0:01:20]} 20. fxe4 {[%emt 0:02:23]} Rd8 {[%emt 0:00:22]} 21. Nc5 {[%emt 0:01:15]} Qc7 {[%emt 0:00:03]} 22. Ng4 {[%emt 0:03:16]} Bc8 {[%emt 0:10:32]} 23. Nh6 {[%emt 0:01:53]} Nxh6 {[%emt 0:00:12]} 24. gxh6 {[%emt 0:00:06]} Bf6 {[%emt 0:00:17]} 25. Rf1 {[%emt 0:03:29]} Qg3 {[%emt 0:01:23]} 26. Kd2 {[%emt 0:08:40]} Bg4 {[%emt 0:01:07]} 27. Nd3 {[%emt 0:07:08]} Qg2+ {[%emt 0:02:28]} 28. Rf2 {[%emt 0:01:15]} Qxe4 {[%emt 0:00:07]} 29. Rxf6 {[%emt 0:03:07]} exf6 {[%emt 0:00:21]} 30. Qg7+ {[%emt 0:00:30]} Ke7 {[%emt 0:00:14]} 31. Nf2 {[%emt 0:10:52]} Rxd4+ {[%emt 0:02:33]} 32. Bxd4 {[%emt 0:00:04]} Qe2+ {[%emt 0:00:10]} 0-1

[Event "106th British-ch 2019"]
[Site "Torquay"]
[Date "2019.08.01"]
[Round "6.25"]
[White "Ledger, Dave J"]
[Black "Jaufarally, Nadia"]
[Result "1/2-1/2"]
[WhiteElo "2168"]
[BlackElo "1944"]
[Annotator "NA"]
[PlyCount "86"]
[EventDate "2019.07.27"]
[EventType "swiss"]
[EventCountry "GBR"]
[SourceTitle "playchess.com"]
[Source "ChessBase"]
[SourceQuality "1"]
[TimeControl "40/5400+30:1800+30"]

1. e4 {[%emt 0:00:00]} c5 {[%emt 0:00:00]} 2. Nf3 {[%emt 0:00:00]} g6 {[%emt 0:00:00]} 3. d4 {[%emt 0:00:07]} cxd4 {[%emt 0:00:00]} 4. Nxd4 {[%emt 0:00:03]} Nc6 {[%emt 0:00:05]} 5. c4 {[%emt 0:00:58]} Bg7 {[%emt 0:00:33]} 6. Be3 {[%emt 0:00:28]} d6 {[%emt 0:00:33]} 7. Nc3 {[%emt 0:03:08]} Qb6 {[%emt 0:00:43]} 8. Nb3 {[%emt 0:05:37]} Bxc3+ {[%emt 0:00:30]} 9. bxc3 {[%emt 0:00:03]} Qc7 {[%emt 0:00:13]} 10. c5 {[%emt 0:02:17]} dxc5 {[%emt 0:00:18]} 11. Bxc5 {[%emt 0:05:20]} Nf6 {[%emt 0:00:51]} 12. f3 {[%emt 0:02:02]} O-O {[%emt 0:00:32]} 13. Be2 {[%emt 0:04:10]} Nh5 {[%emt 0:01:00]} 14. O-O {[%emt 0:04:07]} Nf4 {[%emt 0:01:40]} 15. Re1 {[%emt 0:11:02]} Qe5 {[%emt 0:08:31]} 16. Qc1 {[%emt 0:10:05]} Qg5 {[%emt 0:31:15]} 17. g3 {[%emt 0:00:53]} Nxe2+ {[%emt 0:00:46]} 18. Rxe2 {[%emt 0:00:04]} Qh5 {[%emt 0:05:50]} 19. Qf4 {[%emt 0:08:35]} Be6 {[%emt 0:16:24]} 20. g4 {[%emt 0:09:37]} Qe5 {[%emt 0:00:58]} 21. Qxe5 {[%emt 0:00:58]} Nxe5 {[%emt 0:00:26]} 22. Kg2 {[%emt 0:02:28]} Nd3 {[%emt 0:06:06]} 23. Bxe7 {[%emt 0:03:43]} Nf4+ {[%emt 0:00:29]} 24. Kf2 {[%emt 0:00:34]} Rfe8 {[%emt 0:00:33]} 25. Bf6 {[%emt 0:00:51]} Nxe2 {[%emt 0:00:19]} 26. Kxe2 {[%emt 0:00:07]} Bc4+ {[%emt 0:04:17]} 27. Kd2 {[%emt 0:01:55]} Re6 {[%emt 0:00:39]} 28. g5 {[%emt 0:00:19]} Ra6 {[%emt 0:05:05]} 29. Kc2 {[%emt 0:00:13]} Rc8 {[%emt 0:01:40]} 30. Kb2 {[%emt 0:01:35]} Rcc6 {[%emt 0:06:43]} 31. Bd4 {[%emt 0:01:21]} Bxb3 {[%emt 0:01:37]} 32. Kxb3 {[%emt 0:00:29]} Ra5 {[%emt 0:00:19]} 33. h4 {[%emt 0:01:21]} Rb5+ {[%emt 0:00:54]} 34. Kc2 {[%emt 0:00:17]} Rb4 {[%emt 0:01:57]} 35. Kd3 {[%emt 0:01:48]} Rb2 {[%emt 0:00:33]} 36. Bxa7 {[%emt 0:02:30]} Ra6 {[%emt 0:00:42]} 37. Bd4 {[%emt 0:01:41]} Raxa2 {[%emt 0:00:13]} 38. Rd1 {[%emt 0:03:22]} b5 {[%emt 0:01:13]} 39. Be5 {[%emt 0:02:49]} Rf2 {[%emt 0:01:49]} 40. Ke3 {[%emt 0:00:28]} Rfe2+ {[%emt 0:02:00]} 41. Kf4 {[%emt 0:30:46]} Red2 {[%emt 0:02:14]} 42. Rb1 {[%emt 0:00:00]} Rab2 {[%emt 0:04:49]} 43. Ra1 {[%emt 0:00:00]} Ra2 {[%emt 0:05:48]} 1/2-1/2

[Event "106th British-ch 2019"]
[Site "Torquay"]
[Date "2019.08.01"]
[Round "6.26"]
[White "Starley, Robert"]
[Black "Villiers, Thomas"]
[Result "0-1"]
[WhiteElo "2058"]
[BlackElo "2218"]
[Annotator "NA"]
[PlyCount "140"]
[EventDate "2019.07.27"]
[EventType "swiss"]
[EventCountry "GBR"]
[SourceTitle "playchess.com"]
[Source "ChessBase"]
[SourceQuality "1"]
[TimeControl "40/5400+30:1800+30"]

1. e4 {[%emt 0:00:00]} e6 {[%emt 0:00:00]} 2. d4 {[%emt 0:00:00]} d5 {[%emt 0:00:00]} 3. e5 {[%emt 0:00:23]} c5 {[%emt 0:00:21]} 4. c3 {[%emt 0:00:04]} Qb6 {[%emt 0:00:05]} 5. Nf3 {[%emt 0:00:24]} Bd7 {[%emt 0:00:07]} 6. Be2 {[%emt 0:04:33]} Bb5 {[%emt 0:00:08]} 7. O-O {[%emt 0:00:26]} Nd7 {[%emt 0:02:16]} 8. Be3 {[%emt 0:04:37]} Bxe2 {[%emt 0:14:18]} 9. Qxe2 {[%emt 0:00:06]} c4 {[%emt 0:01:17]} 10. Qc2 {[%emt 0:01:17]} Ne7 {[%emt 0:00:10]} 11. Nbd2 {[%emt 0:01:17]} Nc6 {[%emt 0:00:17]} 12. b3 {[%emt 0:04:50]} cxb3 {[%emt 0:01:28]} 13. axb3 {[%emt 0:00:17]} Be7 {[%emt 0:00:33]} 14. Qd3 {[%emt 0:01:48]} O-O {[%emt 0:00:28]} 15. Bg5 {[%emt 0:02:10]} Qd8 {[%emt 0:01:55]} 16. Bxe7 {[%emt 0:01:58]} Qxe7 {[%emt 0:00:09]} 17. Rfe1 {[%emt 0:01:36]} a6 {[%emt 0:03:28]} 18. Nf1 {[%emt 0:03:35]} b5 {[%emt 0:00:35]} 19. Ne3 {[%emt 0:01:51]} Rfb8 {[%emt 0:00:44]} 20. b4 {[%emt 0:03:15]} a5 {[%emt 0:00:18]} 21. bxa5 {[%emt 0:01:12]} Nxa5 {[%emt 0:00:59]} 22. Nc2 {[%emt 0:02:44]} Nc4 {[%emt 0:01:18]} 23. Nb4 {[%emt 0:00:44]} Qe8 {[%emt 0:01:09]} 24. Ng5 {[%emt 0:03:13]} Nf8 {[%emt 0:00:26]} 25. g3 {[%emt 0:08:00]} Rxa1 {[%emt 0:02:15]} 26. Rxa1 {[%emt 0:00:14]} Ra8 {[%emt 0:00:02]} 27. Rxa8 {[%emt 0:09:23]} Qxa8 {[%emt 0:00:06]} 28. Qf3 {[%emt 0:00:44]} Qa7 {[%emt 0:08:51]} 29. Qd3 {[%emt 0:05:26]} Qa3 {[%emt 0:00:00]} 30. Kg2 {[%emt 0:02:39]} Qc1 31. Nf3 {[%emt 0:04:10]} h6 32. Qc2 {[%emt 0:04:11]} Qa1 33. Nd3 {[%emt 0:01:33]} Nd7 34. Nd2 {[%emt 0:02:53]} Nxd2 {[%emt 0:01:33]} 35. Qxd2 {[%emt 0:00:00]} Nb6 36. Qb2 {[%emt 0:00:32]} Qa4 37. Nc5 {[%emt 0:06:53]} Qc4 38. h4 {[%emt 0:00:14]} Na4 39. Nxa4 {[%emt 0:00:32]} bxa4 {[%emt 0:00:23]} 40. Qb8+ {[%emt 0:00:29]} Kh7 41. Qb1+ {[%emt 0:34:28]} g6 42. Qb7 {[%emt 0:01:18]} Kg7 43. Qe7 {[%emt 0:02:22]} Qc8 44. Qa7 {[%emt 0:05:31]} Qe8 45. Kh2 {[%emt 0:01:09]} Qb5 46. Qe7 {[%emt 0:03:29]} Qb8 {[%emt 0:02:06]} 47. Kg2 {[%emt 0:00:23]} Qa8 {[%emt 0:36:58]} 48. Qa3 {[%emt 0:00:00]} h5 {[%emt 0:00:53]} 49. Kh2 {[%emt 0:01:55]} Qa7 {[%emt 0:00:18]} 50. Kg2 {[%emt 0:02:20]} Qa6 51. Qe7 {[%emt 0:05:55]} Qa8 {[%emt 0:03:46]} 52. Qa3 {[%emt 0:00:00]} Kg8 {[%emt 0:00:14]} 53. Kh2 {[%emt 0:00:00]} Qa6 {[%emt 0:02:37]} 54. Kg2 {[%emt 0:00:00]} Kg7 55. Qe7 {[%emt 0:00:00]} Qd3 56. Qf6+ {[%emt 0:00:22]} Kg8 {[%emt 0:00:00]} 57. Qd8+ {[%emt 0:00:00]} Kh7 58. Qd7 {[%emt 0:02:53]} Qe4+ {[%emt 0:00:06]} 59. Kg1 {[%emt 0:00:00]} Kg7 {[%emt 0:00:00]} 60. Qxa4 {[%emt 0:00:00]} Qe1+ {[%emt 0:00:00]} 61. Kg2 Qxc3 {[%emt 0:00:00]} 62. Qa7 {[%emt 0:00:00]} Qd2 {[%emt 0:00:00]} 63. Qc5 {[%emt 0:00:00]} g5 {[%emt 0:00:00]} 64. hxg5 {[%emt 0:00:00]} Qxg5 {[%emt 0:00:00]} 65. Qc3 {[%emt 0:00:00]} h4 {[%emt 0:00:00]} 66. Qf3 {[%emt 0:00:39]} hxg3 {[%emt 0:00:00]} 67. Qxg3 {[%emt 0:00:00]} Kh6 {[%emt 0:00:00]} 68. Qxg5+ {[%emt 0:00:00]} Kxg5 {[%emt 0:00:05]} 69. Kg3 {[%emt 0:00:00]} Kf5 {[%emt 0:00:00]} 70. Kf3 {[%emt 0:00:00]} Kg5 {[%emt 0:00:13]} 0-1

[Event "106th British-ch 2019"]
[Site "Torquay"]
[Date "2019.08.01"]
[Round "6.27"]
[White "Kahn, Tito"]
[Black "Donaldson, Thomas"]
[Result "1/2-1/2"]
[WhiteElo "1921"]
[BlackElo "2065"]
[Annotator "NA"]
[PlyCount "179"]
[EventDate "2019.07.27"]
[EventType "swiss"]
[EventCountry "GBR"]
[SourceTitle "playchess.com"]
[Source "ChessBase"]
[SourceQuality "1"]
[TimeControl "40/5400+30:1800+30"]

1. d4 {[%emt 0:00:00]} Nf6 {[%emt 0:00:00]} 2. Bf4 {[%emt 0:00:00]} g6 {[%emt 0:00:00]} 3. Nc3 {[%emt 0:00:00]} d5 {[%emt 0:00:00]} 4. e3 {[%emt 0:00:00]} Bg7 {[%emt 0:00:03]} 5. h4 {[%emt 0:00:50]} h5 {[%emt 0:00:08]} 6. Nf3 {[%emt 0:01:32]} O-O {[%emt 0:00:27]} 7. Be2 {[%emt 0:02:06]} c5 {[%emt 0:01:24]} 8. Nb5 {[%emt 0:00:30]} Nc6 {[%emt 0:02:37]} 9. Ne5 {[%emt 0:12:49]} Nd7 {[%emt 0:08:58]} 10. g4 {[%emt 0:09:53]} Ndxe5 {[%emt 0:02:41]} 11. dxe5 {[%emt 0:00:22]} Bxg4 {[%emt 0:01:26]} 12. Bxg4 {[%emt 0:00:55]} Qa5+ {[%emt 0:00:29]} 13. Nc3 {[%emt 0:08:18]} hxg4 {[%emt 0:00:22]} 14. Qxd5 {[%emt 0:03:10]} Qb4 {[%emt 0:10:12]} 15. O-O-O {[%emt 0:05:32]} Rfd8 {[%emt 0:12:47]} 16. Qe4 {[%emt 0:11:06]} Nxe5 {[%emt 0:02:21]} 17. Qxb4 {[%emt 0:08:41]} Rxd1+ {[%emt 0:03:41]} 18. Rxd1 {[%emt 0:00:38]} cxb4 {[%emt 0:00:07]} 19. Nd5 {[%emt 0:03:26]} Nc6 {[%emt 0:01:52]} 20. Nc7 {[%emt 0:02:49]} Rd8 {[%emt 0:05:39]} 21. Nd5 {[%emt 0:01:44]} Kf8 {[%emt 0:12:27]} 22. Rd3 {[%emt 0:03:10]} a5 {[%emt 0:02:53]} 23. Bc7 {[%emt 0:01:58]} Rd7 {[%emt 0:01:46]} 24. Bb6 {[%emt 0:00:48]} Ne5 {[%emt 0:06:58]} 25. Rd1 {[%emt 0:05:12]} Nc4 {[%emt 0:03:59]} 26. Bd4 {[%emt 0:03:26]} Bxd4 {[%emt 0:05:52]} 27. Rxd4 {[%emt 0:00:07]} b5 {[%emt 0:02:00]} 28. b3 {[%emt 0:05:24]} Ne5 {[%emt 0:00:33]} 29. c4 {[%emt 0:02:39]} bxc4 {[%emt 0:05:36]} 30. bxc4 {[%emt 0:00:16]} Nxc4 {[%emt 0:01:10]} 31. Rxc4 {[%emt 0:03:06]} Rxd5 {[%emt 0:00:07]} 32. Rxg4 {[%emt 0:00:43]} Rf5 {[%emt 0:00:10]} 33. f4 {[%emt 0:01:11]} e5 {[%emt 0:00:14]} 34. fxe5 {[%emt 0:00:39]} Rxe5 {[%emt 0:00:11]} 35. Kd2 {[%emt 0:01:27]} Ke7 {[%emt 0:00:26]} 36. Rc4 {[%emt 0:01:45]} Rd5+ {[%emt 0:00:38]} 37. Kc2 {[%emt 0:00:16]} Kd6 {[%emt 0:00:08]} 38. Rf4 {[%emt 0:01:12]} f5 {[%emt 0:00:29]} 39. a3 {[%emt 0:01:04]} bxa3 {[%emt 0:01:20]} 40. Ra4 {[%emt 0:00:13]} Ke5 {[%emt 0:00:25]} 41. Kc3 {[%emt 0:30:47]} Rb5 {[%emt 0:31:56]} 42. Rxa3 {[%emt 0:00:00]} Ke4 {[%emt 0:00:00]} 43. Kc2 {[%emt 0:00:00]} Kf3 {[%emt 0:00:00]} 44. Kd3 {[%emt 0:00:00]} Re5 {[%emt 0:00:00]} 45. Kd2 {[%emt 0:00:00]} Kg4 {[%emt 0:00:00]} 46. Ra4+ {[%emt 0:00:00]} Re4 {[%emt 0:00:00]} 47. Rxa5 {[%emt 0:00:00]} Kxh4 {[%emt 0:00:00]} 48. Ke2 {[%emt 0:00:00]} Kg3 {[%emt 0:00:00]} 49. Ra6 {[%emt 0:00:00]} g5 {[%emt 0:00:00]} 50. Ra5 {[%emt 0:00:00]} Kg4 {[%emt 0:00:00]} 51. Kf2 {[%emt 0:00:00]} Rb4 {[%emt 0:00:00]} 52. Re5 {[%emt 0:00:00]} Rb2+ {[%emt 0:00:00]} 53. Kf1 {[%emt 0:00:00]} Rh2 {[%emt 0:00:00]} 54. Kg1 {[%emt 0:00:00]} Rh3 {[%emt 0:00:00]} 55. Kg2 {[%emt 0:00:00]} Rf3 {[%emt 0:00:00]} 56. Re8 {[%emt 0:00:00]} Rg3+ {[%emt 0:00:00]} 57. Kf2 {[%emt 0:00:00]} Rh3 {[%emt 0:00:00]} 58. Kg2 {[%emt 0:00:00]} Rh7 {[%emt 0:00:00]} 59. Re5 {[%emt 0:00:00]} Rf7 {[%emt 0:00:00]} 60. Kf2 {[%emt 0:00:00]} Rf6 {[%emt 0:00:00]} 61. Re8 {[%emt 0:00:00]} Kh5 {[%emt 0:00:00]} 62. Re7 {[%emt 0:00:00]} g4 {[%emt 0:00:00]} 63. Re8 {[%emt 0:01:29]} Kg5 {[%emt 0:00:00]} 64. Rg8+ {[%emt 0:01:18]} Rg6 {[%emt 0:00:00]} 65. Rf8 {[%emt 0:00:17]} Rh6 {[%emt 0:00:00]} 66. Rg8+ {[%emt 0:02:01]} Kf6 {[%emt 0:00:00]} 67. Rf8+ {[%emt 0:00:16]} Ke6 {[%emt 0:00:00]} 68. Re8+ {[%emt 0:00:33]} Kf7 {[%emt 0:00:00]} 69. Re5 {[%emt 0:00:07]} Kf6 {[%emt 0:00:00]} 70. Re8 {[%emt 0:00:03]} Rh3 {[%emt 0:00:00]} 71. Rf8+ {[%emt 0:00:41]} Ke6 {[%emt 0:00:00]} 72. Re8+ {[%emt 0:00:23]} Kf7 {[%emt 0:00:00]} 73. Re5 {[%emt 0:00:05]} Rf3+ {[%emt 0:00:00]} 74. Kg2 {[%emt 0:01:01]} Kf6 {[%emt 0:00:00]} 75. Re8 {[%emt 0:00:07]} Rh3 {[%emt 0:00:00]} 76. Kf2 {[%emt 0:00:46]} Rh7 {[%emt 0:00:00]} 77. Rf8+ {[%emt 0:00:58]} Rf7 {[%emt 0:00:00]} 78. Re8 {[%emt 0:00:11]} Re7 {[%emt 0:00:00]} 79. Rf8+ {[%emt 0:00:14]} Ke5 {[%emt 0:00:00]} 80. Ra8 {[%emt 0:00:39]} Rd7 {[%emt 0:00:00]} 81. Re8+ {[%emt 0:00:09]} Kd5 {[%emt 0:00:00]} 82. Rf8 {[%emt 0:00:11]} Ke4 {[%emt 0:00:00]} 83. Re8+ {[%emt 0:00:25]} Kd3 {[%emt 0:00:00]} 84. Re5 {[%emt 0:00:09]} Rf7 {[%emt 0:00:36]} 85. Kg3 {[%emt 0:00:21]} Ke2 {[%emt 0:00:45]} 86. Kg2 {[%emt 0:00:41]} Rf8 {[%emt 0:01:22]} 87. Kg3 {[%emt 0:01:24]} Kf1 {[%emt 0:00:55]} 88. Ra5 {[%emt 0:00:11]} Rf6 {[%emt 0:00:39]} 89. Re5 {[%emt 0:00:29]} Rf7 {[%emt 0:02:02]} 90. Ra5 {[%emt 0:00:34]} 1/2-1/2

[Event "106th British-ch 2019"]
[Site "Torquay"]
[Date "2019.08.02"]
[Round "7.1"]
[White "Howell, David W L"]
[Black "Adams, Michael"]
[Result "1/2-1/2"]
[WhiteElo "2697"]
[BlackElo "2690"]
[Annotator "TA"]
[PlyCount "42"]
[EventDate "2019.07.27"]
[EventType "swiss"]
[EventCountry "GBR"]
[SourceTitle "playchess.com"]
[Source "ChessBase"]
[SourceQuality "1"]

{[%evp 13,42,23,26,13,26,21,11,25,17,18,13,0,19,12,25,16,24,28,20,3,20,0,0,0,29,25,19,16,30,0,0]} 1. d4 Nf6 2. c4 e6 3. Nc3 Bb4 4. Qc2 d5 5. cxd5 exd5 6. Bg5 h6 7. Bh4 O-O 8. e3 {E35: Nimzo-Indian: Classical: 4...d5 5 cxd5 exd5} c5 9. dxc5 Be6 10. Nf3 Nbd7 11. Be2 Rc8 12. c6 Rxc6 (12... bxc6 13. O-O Qa5 14. Nd4 Bd6 15. Rfd1 Rfe8 {0-1 (75) Vidit,S (2718)-Le,Q (2728) Danzhou 2018}) 13. Nd4 Rc8 14. O-O {[#]} Qe7 $146 ({Predecessor:} 14... Qa5 15. Qb1 Bxc3 16. bxc3 {½-½ (49) Kuljasevic,D (2558)-Brkic,A (2602) Opatija 2015}) 15. Qb3 Bxc3 16. bxc3 Nc5 17. Bxf6 Qxf6 18. Qb4 b6 19. a4 {[%cal Ba2a4,Ba4a5][%mdl 32]} Qg6 20. a5 Ne4 21. Nxe6 Qxe6 {Accuracy: White = 71%, Black = 52%.} 1/2-1/2